000 01317nam a2200289 a 4500
001 BRCA_2793
005 20190320203954.0
008 081208s1905----sp-a---###---#000-0#spa-u
041 _aspa
044 _asp
084 _a253
_b.C355
_c1905
100 1 _aCervantes Saavedra, Miguel de
_d1547-1616
_9213
245 1 0 _aEl Ingenioso Hidalgo Don Quijote de la Mancha
_ccompuesto por Miguel de Cervantes Saavedra.
260 _aMadrid
_bSaturnino Calleja Fernández
_c1905
300 _a916 p.
_bil.
_c17 cm.
500 _aContenido : Primera parte. Retrato de Cervantes. Dedicatoria del autor. Prólogo del autor. Versos preliminares. Texto. Segunda parte. Dedicatoria del autor. Prólogo del autor. Texto
500 _aEdición : Popular ilustrada con grabados
500 _aEdición popular ilustrada con copias de los grabados de ediciones anteriores publicadas por los mismos editores. Semipiel; lomo decorado con filetes dorados Lúdovik Osterc
500 _aQM230E
650 1 4 _aNovela española
_yÉpoca clásica, 1500-1700
_9215
650 1 4 _aLiteratura española
_yÉpoca clásica, 1500-1700
_9216
650 1 4 _aNovela española
_ySiglo XVII
_9217
650 1 4 _aDon Quijote (Personaje ficticio)
_eNovela
_9218
740 0 _aEl Ingenioso Hidalgo Don Quijote de la Mancha
902 _aQFM
942 _2lcc
_cB
999 _c2533
_d2533